000 00858nam a2200229Ia 4500
999 _c49248
_d49248
001 16162
003 GE_BSU
005 20230607114932.0
008 181216s2015ge xx |||||||||||||| ||geo||
020 _a9789941462078
040 _cGE_BSU
041 _ageo
080 _a1.01 მ-44
100 _aმახარაძე, მიხეილ
_918535
245 _aფილოსოფიური ეტიუდები /
_cმიხეილ მახარაძე, რედ. ირაკლი კალანდია
264 _aბათუმი :
_bბსუ,
_c2015.
300 _a126 გვ.:
_b18 სმ.
653 _aფილოსოფია
653 _aფილოსოფიური ეტიუდები
700 _aკალანდია, ირაკლი
_eრედაქტორი
_95803
942 _cBK
_2udc